[Event "21. Open de Gros 2007"]
[Site "San Sebastián ESP"]
[Date "2011.09.15"]
[Round "7.2"]
[White "Guijarro Galan, Jose Luis"]
[Black "Franco Alonso, Alejandro"]
[Result "0-1"]
[WhiteElo "2177"]
[BlackElo "2469"]
[PlyCount "102"]
[EventDate "2011.09.09"]
[EventType "swiss"]
[EventRounds "9"]
[EventCountry "ESP"]
[Source "lmi"]
[SourceDate "2011.09.09"]

1. e4 c5 2. Nf3 e6 3. d4 cxd4 4. Nxd4 Nf6 5. Nc3 d6 6. g4 h6 7. h4 Nc6 8. Rg1
h5 9. gxh5 Rxh5 10. Bg5 Rh8 11. Qd2 Qb6 12. Nb3 a6 13. O-O-O Qc7 14. f4 Nh7 15.
f5 Nxg5 16. hxg5 g6 17. Bd3 Ne5 18. Rh1 Rxh1 19. Rxh1 Bd7 20. Be2 O-O-O 21. Qd4
Bc6 22. Rh7 gxf5 23. exf5 exf5 24. Qf2 Be7 25. Qxf5+ Qd7 26. Qxd7+ Kxd7 27. Bh5
Bxg5+ 28. Kb1 Rf8 29. Nd4 Be7 30. Nde2 Bf6 31. Rh6 Bg5 32. Rh7 Bd2 33. a4 Kc8
34. b4 Kb8 35. Kb2 Bd7 36. b5 Bf5 37. Rg7 Bh6 38. Rg2 Nc4+ 39. Kb3 Ne3 40. Rf2
Bxc2+ 41. Kb4 Bg6 42. Bf3 Nc2+ 43. Kb3 Be3 44. Rf1 Bc5 45. Rd1 Re8 46. bxa6
bxa6 47. Bh1 Ka7 48. Nf4 Rb8+ 49. Ka2 Nb4+ 50. Ka1 Bd4 51. Nfe2 Be5 0-1

[Event "21. Open de Gros 2007"]
[Site "San Sebastián ESP"]
[Date "2011.09.15"]
[Round "7.3"]
[White "Segovia Sanchez, Antonio"]
[Black "Vassallo Barroche, Mauricio"]
[Result "0-1"]
[WhiteElo "2006"]
[BlackElo "2432"]
[PlyCount "104"]
[EventDate "2011.09.09"]
[EventType "swiss"]
[EventRounds "9"]
[EventCountry "ESP"]
[Source "lmi"]
[SourceDate "2011.09.09"]

1. d4 Nf6 2. Nf3 e6 3. Bf4 b6 4. e3 Bb7 5. Nbd2 g6 6. h3 Bg7 7. c3 O-O 8. Bd3
d6 9. O-O Nbd7 10. e4 e5 11. Be3 Re8 12. Qc2 Nh5 13. Rfd1 Qe7 14. dxe5 Nxe5 15.
Nxe5 Bxe5 16. Bb5 Red8 17. Bc4 Bg7 18. Re1 a6 19. a4 Re8 20. Rad1 Nf6 21. f3
Nh5 22. Nf1 Rad8 23. Qd2 Nf6 24. Bg5 d5 25. Bxd5 Bxd5 26. exd5 Qc5+ 27. Kh1
Rxe1 28. Qxe1 Rxd5 29. Rxd5 Qxd5 30. Qd2 Qxd2 31. Nxd2 Nd7 32. Bf4 c6 33. Nc4
f5 34. Kg1 Kf7 35. Kf2 Ke6 36. Bc7 b5 37. axb5 cxb5 38. Ne3 Nc5 39. Ke2 Bh6 40.
Nd1 Kd5 41. Bb6 Na4 42. Be3 Bxe3 43. Nxe3+ Ke5 44. Nd1 Nb6 45. b3 a5 46. Ne3
Nd5 47. c4 Nxe3 48. Kxe3 bxc4 49. bxc4 a4 50. Kd3 a3 51. f4+ Kxf4 52. Kc3 Ke4
0-1

[Event "21. Open de Gros 2007"]
[Site "San Sebastián ESP"]
[Date "2011.09.15"]
[Round "7.4"]
[White "Ladron De Guevara Galar, Fco J"]
[Black "Izagirre Alsua, Aritz"]
[Result "1-0"]
[WhiteElo "2128"]
[BlackElo "1781"]
[PlyCount "65"]
[EventDate "2011.09.09"]
[EventType "swiss"]
[EventRounds "9"]
[EventCountry "ESP"]
[Source "lmi"]
[SourceDate "2011.09.09"]

1. d4 g6 2. Nf3 Nf6 3. c4 d6 4. Nc3 Bg7 5. e4 O-O 6. Be2 e5 7. Be3 Ng4 8. Bg5
f6 9. Bc1 exd4 10. Nxd4 f5 11. h3 Nh6 12. exf5 Nxf5 13. Nxf5 Rxf5 14. Be3 Nc6
15. Qd2 a5 16. Nd5 Rf7 17. Rd1 Qe8 18. O-O Bf5 19. Rfe1 Qe5 20. Nc3 a4 21. a3
Kh8 22. Bf3 Qa5 23. Bd5 Rff8 24. Bh6 Bxh6 25. Qxh6 Ne5 26. f4 Qc5+ 27. Kh1 Nf7
28. Qh4 Kg7 29. g4 Bc2 30. Rd2 Rae8 31. Rxc2 c6 32. Ne4 Qd4 33. Rd2 1-0

[Event "21. Open de Gros 2007"]
[Site "San Sebastián ESP"]
[Date "2011.09.15"]
[Round "7.5"]
[White "Tung, Siu Hung"]
[Black "Zubia Aramburu, Mikel"]
[Result "0-1"]
[WhiteElo "1938"]
[BlackElo "1791"]
[PlyCount "44"]
[EventDate "2011.09.09"]
[EventType "swiss"]
[EventRounds "9"]
[EventCountry "ESP"]
[Source "lmi"]
[SourceDate "2011.09.09"]

1. e4 c6 2. d4 d5 3. e5 Bf5 4. Nf3 e6 5. Be2 c5 6. c3 Nc6 7. O-O Rc8 8. a3 cxd4
9. cxd4 Be7 10. b4 g5 11. h3 h5 12. Nh2 g4 13. hxg4 hxg4 14. Bxg4 Bg5 15. Be3
Bxe3 16. fxe3 Qh4 17. Bxf5 Qxh2+ 18. Kf2 exf5 19. Nd2 Nh6 20. Ke2 Ng4 21. Kd3
Qxg2 22. Qf3 Ngxe5+ 0-1

[Event "21. Open de Gros 2007"]
[Site "San Sebastián ESP"]
[Date "2011.09.15"]
[Round "7.6"]
[White "Torres, Patrice"]
[Black "Lazkano Gaite, Tomas"]
[Result "1-0"]
[WhiteElo "1964"]
[BlackElo "1700"]
[PlyCount "89"]
[EventDate "2011.09.09"]
[EventType "swiss"]
[EventRounds "9"]
[EventCountry "ESP"]
[Source "lmi"]
[SourceDate "2011.09.09"]

1. d4 Nf6 2. Nf3 g6 3. c4 Bg7 4. Nc3 d6 5. e4 O-O 6. Be2 e5 7. Be3 Nc6 8. d5
Ne7 9. Nd2 a5 10. c5 Ne8 11. cxd6 cxd6 12. Nc4 f5 13. f3 Bd7 14. Nb6 Rb8 15.
Nxd7 Qxd7 16. O-O b6 17. Rc1 Nf6 18. Qb3 Rfc8 19. Bd3 Nh5 20. Rfd1 Nf4 21. Bf1
g5 22. Nb5 g4 23. fxg4 fxg4 24. Qa3 Neg6 25. Qxd6 Qxd6 26. Nxd6 Rxc1 27. Rxc1
Nh4 28. Rc8+ Rxc8 29. Nxc8 Nhg6 30. Bxb6 Nf8 31. Bb5 Kf7 32. Nd6+ Kg6 33. Bxa5
h5 34. a4 Nh7 35. Be8+ Kg5 36. Bd2 Bf8 37. Nb7 Nf6 38. Bc6 Nxe4 39. Be3 Kf6 40.
a5 Ne2+ 41. Kf1 Nd4 42. a6 g3 43. h3 Nf5 44. Ke2 Nfd6 45. Nxd6 1-0

[Event "21. Open de Gros 2007"]
[Site "San Sebastián ESP"]
[Date "2011.09.15"]
[Round "7.7"]
[White "Abalia Patino, Aritz"]
[Black "Rodriguez Cabrera, Fco  Javier"]
[Result "0-1"]
[WhiteElo "1555"]
[BlackElo "1954"]
[PlyCount "66"]
[EventDate "2011.09.09"]
[EventType "swiss"]
[EventRounds "9"]
[EventCountry "ESP"]
[Source "lmi"]
[SourceDate "2011.09.09"]

1. d4 Nf6 2. c4 g6 3. Nc3 Bg7 4. e4 d6 5. Be2 O-O 6. Nf3 e5 7. dxe5 dxe5 8.
Qxd8 Rxd8 9. Bg5 Re8 10. O-O-O Na6 11. Bd3 h6 12. Bh4 c6 13. Rd2 Nh5 14. Bg3
Nxg3 15. hxg3 h5 16. Rhd1 Bh6 17. Kb1 Bxd2 18. Rxd2 Bg4 19. a3 Nc5 20. Bc2 Bxf3
21. gxf3 Rad8 22. Kc1 a5 23. Na4 Rxd2 24. Kxd2 Nxa4 25. Bxa4 Rd8+ 26. Ke2 Rd4
27. Bb3 c5 28. Ke3 f5 29. Bc2 f4+ 30. gxf4 h4 31. fxe5 h3 32. e6 h2 33. e7 Kf7
0-1

[Event "21. Open de Gros 2007"]
[Site "San Sebastián ESP"]
[Date "2011.09.15"]
[Round "7.8"]
[White "Izquierdo Arruferia, Joseba"]
[Black "D`amade, Philippe"]
[Result "0-1"]
[WhiteElo "1811"]
[BlackElo "1856"]
[PlyCount "118"]
[EventDate "2011.09.09"]
[EventType "swiss"]
[EventRounds "9"]
[EventCountry "ESP"]
[Source "lmi"]
[SourceDate "2011.09.09"]

1. e4 e6 2. d4 d5 3. exd5 exd5 4. Bd3 Nf6 5. Nf3 Bd6 6. O-O O-O 7. c3 c6 8. Bg5
Bg4 9. Nbd2 Nbd7 10. Qc2 Qc7 11. Rfe1 Rfe8 12. Bf5 Bxf5 13. Qxf5 g6 14. Qc2 Bf4
15. Bh4 Nh5 16. Bg3 Nxg3 17. hxg3 Bd6 18. Kf1 h6 19. Qd3 Kg7 20. Re2 Rxe2 21.
Qxe2 Nf6 22. Re1 Re8 23. Qd3 Rxe1+ 24. Kxe1 Qe7+ 25. Qe2 Ne4 26. Nxe4 dxe4 27.
Nd2 f5 28. Nc4 Bc7 29. Ne3 Qe6 30. b3 b5 31. Qd2 Bb6 32. d5 Bxe3 33. Qxe3 Qxd5
34. Qxa7+ Kf6 35. Qe3 g5 36. Qd2 Ke5 37. Qc2 f4 38. gxf4+ gxf4 39. Qe2 Kd6 40.
Qg4 Qe5 41. Qg6+ Kc5 42. Kd2 e3+ 43. fxe3 fxe3+ 44. Ke2 Qxc3 45. Qxh6 Qd2+ 46.
Kf3 Qf2+ 47. Ke4 e2 48. Qg5+ Kb4 49. Qd2+ Ka3 50. Qa5+ Kb2 51. Qd2+ Kb1 52.
Qd3+ Kxa2 53. Qc2+ Ka3 54. Qc1+ Kxb3 55. Qb1+ Ka4 56. Qa2+ Kb4 57. Qd2+ Kb3 58.
Qd3+ Ka4 59. Qc2+ Ka5 0-1

[Event "21. Open de Gros 2007"]
[Site "San Sebastián ESP"]
[Date "2011.09.16"]
[Round "8.1"]
[White "Franco Alonso, Alejandro"]
[Black "Bello Castano, Diego"]
[Result "1-0"]
[WhiteElo "2469"]
[BlackElo "1888"]
[PlyCount "31"]
[EventDate "2011.09.09"]
[EventType "swiss"]
[EventRounds "9"]
[EventCountry "ESP"]
[Source "lmi"]
[SourceDate "2011.09.09"]

1. d4 c6 2. c4 d5 3. Nf3 Nf6 4. Nc3 e6 5. Bg5 Be7 6. e3 Nbd7 7. Qc2 O-O 8. a3
h6 9. Bh4 dxc4 10. Bxc4 b5 11. Ba2 b4 12. axb4 Bxb4 13. O-O c5 14. d5 Nb6 15.
Rfd1 Bxc3 16. dxe6 1-0

[Event "21. Open de Gros 2007"]
[Site "San Sebastián ESP"]
[Date "2011.09.16"]
[Round "8.2"]
[White "Ladron De Guevara Galar, Fco J"]
[Black "Vassallo Barroche, Mauricio"]
[Result "0-1"]
[WhiteElo "2128"]
[BlackElo "2432"]
[PlyCount "70"]
[EventDate "2011.09.09"]
[EventType "swiss"]
[EventRounds "9"]
[EventCountry "ESP"]
[Source "lmi"]
[SourceDate "2011.09.09"]

1. d4 Nf6 2. Nf3 e6 3. c4 b6 4. e3 Bb7 5. Bd3 g6 6. Nc3 Bg7 7. e4 d6 8. O-O O-O
9. Re1 Nbd7 10. h3 e5 11. d5 Ne8 12. Bg5 Bf6 13. Bh6 Bg7 14. Bg5 f6 15. Bh4 Bh6
16. b4 Ng7 17. g4 Bf4 18. Ne2 Bh6 19. Qc2 Rf7 20. Bg3 Bc8 21. h4 Nf8 22. Nh2 f5
23. g5 f4 24. gxh6 Nh5 25. Kh1 fxg3 26. fxg3 Bh3 27. Qd2 Nd7 28. Qg5 Ndf6 29.
Ng1 Qd7 30. Nhf3 Ng4 31. Nxh3 Rxf3 32. Bf1 Rxg3 33. Qd2 Rf8 34. Ng5 Nf2+ 35.
Kh2 Qg4 0-1

[Event "21. Open de Gros 2007"]
[Site "San Sebastián ESP"]
[Date "2011.09.16"]
[Round "8.3"]
[White "Zubia Aramburu, Mikel"]
[Black "Galego, Luis"]
[Result "0-1"]
[WhiteElo "1791"]
[BlackElo "2477"]
[PlyCount "52"]
[EventDate "2011.09.09"]
[EventType "swiss"]
[EventRounds "9"]
[EventCountry "ESP"]
[Source "lmi"]
[SourceDate "2011.09.09"]

1. c4 e5 2. Nc3 Nf6 3. g3 Bc5 4. Bg2 O-O 5. e3 d6 6. Nge2 c6 7. d4 Bb6 8. O-O
Qe7 9. b4 Bg4 10. c5 Bc7 11. Qc2 Re8 12. dxe5 Qxe5 13. Bb2 Qe7 14. cxd6 Bxd6
15. a3 Nbd7 16. Rac1 Ne5 17. Nd4 Nc4 18. Nce2 Nxb2 19. Qxb2 a5 20. Rb1 axb4 21.
axb4 Ra4 22. Qc2 Rxb4 23. Nf5 Bxf5 24. Qxf5 g6 25. Qa5 Ng4 26. Nf4 Nxf2 0-1

[Event "21. Open de Gros 2007"]
[Site "San Sebastián ESP"]
[Date "2011.09.16"]
[Round "8.4"]
[White "Argandona Riveiro, Inigo"]
[Black "Torres, Patrice"]
[Result "1-0"]
[WhiteElo "2387"]
[BlackElo "1964"]
[PlyCount "61"]
[EventDate "2011.09.09"]
[EventType "swiss"]
[EventRounds "9"]
[EventCountry "ESP"]
[Source "lmi"]
[SourceDate "2011.09.09"]

1. c4 e5 2. Nc3 Nf6 3. Nf3 Nc6 4. e4 Bc5 5. Nxe5 Nxe5 6. d4 Bb4 7. dxe5 Nxe4 8.
Qd4 Nc5 9. Be3 Ne6 10. Qd2 O-O 11. O-O-O f6 12. f4 fxe5 13. fxe5 Be7 14. Ne4
Rf5 15. Qc3 Ng5 16. Ng3 Rf8 17. h4 Ne6 18. Ne4 b6 19. Qd3 Qe8 20. Ng5 Qg6 21.
Qxg6 hxg6 22. Nxe6 dxe6 23. Bd3 Bb7 24. Rh2 Rad8 25. Bxg6 Rxd1+ 26. Kxd1 Rf1+
27. Ke2 Ra1 28. g3 Rxa2 29. Kd3 a5 30. Rf2 Bc8 31. Rf7 1-0

[Event "21. Open de Gros 2007"]
[Site "San Sebastián ESP"]
[Date "2011.09.16"]
[Round "8.5"]
[White "D`amade, Philippe"]
[Black "Orube Bona, Andoni"]
[Result "1-0"]
[WhiteElo "1856"]
[BlackElo "1772"]
[PlyCount "67"]
[EventDate "2011.09.09"]
[EventType "swiss"]
[EventRounds "9"]
[EventCountry "ESP"]
[Source "lmi"]
[SourceDate "2011.09.09"]

1. e4 c5 2. Nc3 g6 3. g3 Nc6 4. Bg2 Bg7 5. Nge2 d6 6. O-O Nf6 7. d3 O-O 8. h3
Rb8 9. Be3 b5 10. a3 b4 11. axb4 Rxb4 12. b3 Ne8 13. Qd2 a5 14. Bh6 f5 15. Bxg7
Kxg7 16. Nd5 Rb8 17. f4 e6 18. Ne3 Ba6 19. exf5 Nd4 20. fxe6 Nxe6 21. Qxa5 N8c7
22. f5 Qg5 23. Nf4 gxf5 24. Ned5 Bb7 25. Nxc7 Nxf4 26. Rxf4 Qxg3 27. Qd2 Kh8
28. Raf1 Rg8 29. R1f2 Qxh3 30. Qc3+ Rg7 31. Ne6 Rbg8 32. Nxg7 Rxg7 33. Qxg7+
Kxg7 34. Bxh3 1-0

[Event "21. Open de Gros 2007"]
[Site "San Sebastián ESP"]
[Date "2011.09.16"]
[Round "8.6"]
[White "Rodriguez Cabrera, Fco  Javier"]
[Black "Tung, Siu Hung"]
[Result "1-0"]
[WhiteElo "1954"]
[BlackElo "1938"]
[PlyCount "51"]
[EventDate "2011.09.09"]
[EventType "swiss"]
[EventRounds "9"]
[EventCountry "ESP"]
[Source "lmi"]
[SourceDate "2011.09.09"]

1. e4 d6 2. d4 Nf6 3. Nc3 g6 4. f3 Bg7 5. Be3 Nbd7 6. Qd2 O-O 7. O-O-O e5 8. d5
Ne8 9. g4 c6 10. h4 h5 11. gxh5 gxh5 12. Nge2 cxd5 13. Nxd5 Nb6 14. Ng3 Nxd5
15. exd5 f5 16. Bg5 Qb6 17. Nxh5 f4 18. Nxg7 Kxg7 19. Qg2 Kh8 20. Rg1 Rg8 21.
Bd3 Bd7 22. h5 Bb5 23. Bg6 Rc8 24. Bxe8 Rcxe8 25. Bf6+ Kh7 26. Bg7 1-0

[Event "21. Open de Gros 2007"]
[Site "San Sebastián ESP"]
[Date "2011.09.16"]
[Round "8.7"]
[White "Izagirre Alsua, Aritz"]
[Black "Guijarro Galan, Jose Luis"]
[Result "0-1"]
[WhiteElo "1781"]
[BlackElo "2177"]
[PlyCount "98"]
[EventDate "2011.09.09"]
[EventType "swiss"]
[EventRounds "9"]
[EventCountry "ESP"]
[Source "lmi"]
[SourceDate "2011.09.09"]

1. e4 e5 2. Bc4 c6 3. Nc3 Nf6 4. Qe2 Bc5 5. Nf3 O-O 6. O-O d5 7. Bb3 d4 8. Nb1
d3 9. cxd3 Bg4 10. h3 Bh5 11. Na3 Na6 12. Nc4 Bd4 13. Ne3 Nc5 14. Nf5 Bxf3 15.
Qxf3 Nxd3 16. Bc2 Bxb2 17. Bxb2 Nxb2 18. Qc3 g6 19. Qxb2 gxf5 20. Qxe5 fxe4 21.
Rab1 b6 22. Rb3 Re8 23. Qg5+ Kh8 24. d3 Nd5 25. Qg4 Qf6 26. dxe4 Rg8 27. Qd1
Nf4 28. Rg3 Rad8 29. Qf3 Rd2 30. Rxg8+ Kxg8 31. Qg4+ Kh8 32. Bb1 Rd8 33. g3 Rg8
34. Qf5 Qxf5 35. exf5 Nxh3+ 36. Kg2 Nf4+ 37. Kf3 Nd5 38. Be4 Kg7 39. Bxd5 cxd5
40. Rd1 Rd8 41. Kf4 d4 42. Rd3 Kf6 43. g4 h6 44. f3 b5 45. a3 a5 46. Ke4 Re8+
47. Kf4 Re3 48. Rxe3 dxe3 49. Kxe3 Kg5 0-1

[Event "21. Open de Gros 2007"]
[Site "San Sebastián ESP"]
[Date "2011.09.16"]
[Round "8.8"]
[White "Segovia Sanchez, Antonio"]
[Black "Carrascal Rosal, Alberto"]
[Result "1-0"]
[WhiteElo "2006"]
[BlackElo "1876"]
[PlyCount "157"]
[EventDate "2011.09.09"]
[EventType "swiss"]
[EventRounds "9"]
[EventCountry "ESP"]
[Source "lmi"]
[SourceDate "2011.09.09"]

1. d4 d5 2. Nf3 Nf6 3. Bf4 c5 4. e3 Nc6 5. Nc3 Bf5 6. dxc5 e6 7. Nb5 Rc8 8. Bd6
Ne4 9. Bxf8 Kxf8 10. Nbd4 Qa5+ 11. c3 Bg6 12. Nb3 Qc7 13. Nfd4 a6 14. f3 Nf6
15. Bd3 Ne5 16. Be2 Ned7 17. O-O h5 18. Bd3 Bxd3 19. Qxd3 Ne5 20. Qe2 h4 21. e4
h3 22. g3 Ned7 23. exd5 Nxd5 24. Rad1 Nxc5 25. Kh1 Rh6 26. Rfe1 Kg8 27. Nxc5
Qxc5 28. Qe4 Qb6 29. Rd2 Nf6 30. Qf4 Nh5 31. Qg4 Qc5 32. Qxh3 Qg5 33. Qg2 e5
34. Nb3 Re8 35. Kg1 Rg6 36. Nc5 Qe7 37. Ne4 Nf4 38. Qf1 f5 39. Nf2 Qh4 40. Nd3
Nh3+ 41. Kh1 Qh6 42. Rg2 e4 43. fxe4 fxe4 44. Nf4 Nxf4 45. Qxf4 Qxf4 46. gxf4
Rf6 47. Rg4 b5 48. Kg2 Rd6 49. Re2 Rd3 50. f5 e3 51. f6 Kf7 52. fxg7 Kg8 53.
Kf3 Rd2 54. Rgg2 Re7 55. Rxd2 exd2 56. Rxd2 Rf7+ 57. Ke4 Re7+ 58. Kf5 Rxg7 59.
Rd8+ Kh7 60. Rd6 Rg2 61. Rxa6 Rxb2 62. Ke5 Rxh2 63. Kd4 Kg7 64. Kc5 Rh5+ 65.
Kb4 Kf7 66. a3 Ke7 67. Ra5 Kd7 68. Rxb5 Rh6 69. c4 Kc7 70. a4 Ra6 71. c5 Kc6
72. a5 Ra8 73. Rb6+ Kc7 74. Kb5 Ra7 75. a6 Ra8 76. Rb7+ Kc8 77. c6 Kd8 78. a7
Kc8 79. Rh7 1-0

[Event "21. Open de Gros 2007"]
[Site "San Sebastián ESP"]
[Date "2011.09.17"]
[Round "9.1"]
[White "Argandona Riveiro, Inigo"]
[Black "Franco Alonso, Alejandro"]
[Result "1/2-1/2"]
[WhiteElo "2387"]
[BlackElo "2469"]
[PlyCount "39"]
[EventDate "2011.09.09"]
[EventType "swiss"]
[EventRounds "9"]
[EventCountry "ESP"]
[Source "lmi"]
[SourceDate "2011.09.09"]

1. c4 c5 2. Nf3 Nc6 3. d4 cxd4 4. Nxd4 g6 5. e4 Bg7 6. Be3 Nf6 7. Nc3 d6 8. Be2
O-O 9. O-O Bd7 10. Qd2 Nxd4 11. Bxd4 Bc6 12. f3 Nd7 13. Be3 a5 14. b3 Nc5 15.
Rab1 Qb6 16. Rfc1 Rfc8 17. Bf1 Qb4 18. Nd5 Qxd2 19. Bxd2 Bxd5 20. cxd5 1/2-1/2

[Event "21. Open de Gros 2007"]
[Site "San Sebastián ESP"]
[Date "2011.09.17"]
[Round "9.2"]
[White "Vassallo Barroche, Mauricio"]
[Black "Rodriguez Cabrera, Fco  Javier"]
[Result "1-0"]
[WhiteElo "2432"]
[BlackElo "1954"]
[PlyCount "61"]
[EventDate "2011.09.09"]
[EventType "swiss"]
[EventRounds "9"]
[EventCountry "ESP"]
[Source "lmi"]
[SourceDate "2011.09.09"]

1. d4 Nf6 2. Nf3 g6 3. g3 Bg7 4. Bg2 O-O 5. O-O d5 6. c4 c6 7. b3 Ne4 8. Bb2
Nd7 9. e3 Ndf6 10. Ne5 Nd7 11. Nd3 f5 12. cxd5 cxd5 13. Nd2 b6 14. Nf4 Ndc5 15.
Nf3 Ba6 16. Re1 g5 17. dxc5 Bxb2 18. Ne6 Qd7 19. Nxf8 Rxf8 20. cxb6 axb6 21.
Rb1 Bc3 22. Rc1 g4 23. Nd4 e5 24. Bxe4 exd4 25. Rxc3 fxe4 26. Qxd4 Qf5 27. Rc2
Bd3 28. Rd2 Rf6 29. Rc1 h5 30. Rc7 Ba6 31. Qxd5+ 1-0

[Event "21. Open de Gros 2007"]
[Site "San Sebastián ESP"]
[Date "2011.09.17"]
[Round "9.3"]
[White "Galego, Luis"]
[Black "D`amade, Philippe"]
[Result "1-0"]
[WhiteElo "2477"]
[BlackElo "1856"]
[PlyCount "75"]
[EventDate "2011.09.09"]
[EventType "swiss"]
[EventRounds "9"]
[EventCountry "ESP"]
[Source "lmi"]
[SourceDate "2011.09.09"]

1. e4 e6 2. d4 d5 3. exd5 exd5 4. Nf3 Nf6 5. h3 h6 6. c4 c6 7. Nc3 Bd6 8. Bd3
O-O 9. O-O Re8 10. Qb3 Nbd7 11. cxd5 cxd5 12. Nxd5 Nxd5 13. Qxd5 Nf6 14. Qb3
Be6 15. Bc4 Bxc4 16. Qxc4 Rc8 17. Qb3 Re2 18. Bd2 Ne4 19. Qd3 Nxd2 20. Qxe2
Nxf1 21. Rxf1 Qc7 22. Qb5 a6 23. Qb3 Re8 24. Qd3 Bf4 25. b3 b5 26. Rd1 Qd6 27.
d5 Rd8 28. Qe4 Qf6 29. g3 Bd6 30. Kg2 Qb2 31. Rd2 Qc3 32. h4 g6 33. Rc2 Qa1 34.
Nd4 Kf8 35. Qe3 h5 36. Qd2 Kg8 37. Rc1 Bb4 38. Qg5 1-0

[Event "21. Open de Gros 2007"]
[Site "San Sebastián ESP"]
[Date "2011.09.17"]
[Round "9.4"]
[White "Guijarro Galan, Jose Luis"]
[Black "Zubia Aramburu, Mikel"]
[Result "1-0"]
[WhiteElo "2177"]
[BlackElo "1791"]
[PlyCount "71"]
[EventDate "2011.09.09"]
[EventType "swiss"]
[EventRounds "9"]
[EventCountry "ESP"]
[Source "lmi"]
[SourceDate "2011.09.09"]

1. e4 c6 2. d4 d5 3. exd5 cxd5 4. c4 Nf6 5. Nc3 Nc6 6. Nf3 e6 7. c5 Be7 8. a3
O-O 9. b4 a6 10. Bd3 Qc7 11. Bg5 h6 12. Bh4 Ne4 13. Bxe4 Bxh4 14. Bc2 Bf6 15.
Qd3 g6 16. O-O Qd8 17. Rab1 e5 18. dxe5 Nxe5 19. Qxd5 Qxd5 20. Nxd5 Nxf3+ 21.
gxf3 Bd8 22. Rfe1 Be6 23. Rbd1 Rc8 24. Nf4 Bc4 25. Be4 Rb8 26. Rd7 a5 27. Rxb7
Rxb7 28. Bxb7 axb4 29. axb4 Bg5 30. Bd5 Bxf4 31. Bxc4 Rd8 32. Re7 Rd1+ 33. Kg2
Rd4 34. Bxf7+ Kf8 35. Rb7 g5 36. c6 1-0

[Event "21. Open de Gros 2007"]
[Site "San Sebastián ESP"]
[Date "2011.09.17"]
[Round "9.5"]
[White "Bello Castano, Diego"]
[Black "Ladron De Guevara Galar, Fco J"]
[Result "0-1"]
[WhiteElo "1888"]
[BlackElo "2128"]
[PlyCount "80"]
[EventDate "2011.09.09"]
[EventType "swiss"]
[EventRounds "9"]
[EventCountry "ESP"]
[Source "lmi"]
[SourceDate "2011.09.09"]

1. Nf3 d5 2. b3 Nf6 3. Bb2 e6 4. e3 Bd6 5. Ne5 O-O 6. f4 b6 7. Bd3 Ne4 8. Bxe4
dxe4 9. Qh5 f6 10. Ng4 Nd7 11. Nc3 f5 12. Nf2 Be7 13. O-O-O Bf6 14. g4 g6 15.
Qh3 c5 16. Rhg1 Bg7 17. Qg3 Bb7 18. h4 Qe7 19. h5 Rf6 20. gxf5 exf5 21. Qg5 Qf7
22. hxg6 hxg6 23. Rg3 Rc8 24. Rdg1 Nf8 25. Nh3 c4 26. Nb5 Re6 27. Nd4 Rf6 28.
Nb5 cxb3 29. axb3 Qxb3 30. Nd4 Qc4 31. Bc3 b5 32. Nxf5 b4 33. Ne7+ Kf7 34. Nxc8
Bxc8 35. Bxf6 Bxf6 36. Qa5 b3 37. Qxa7+ Nd7 38. c3 Qd3 39. Kb2 Qc2+ 40. Ka3
Qa2+ 0-1

[Event "21. Open de Gros 2007"]
[Site "San Sebastián ESP"]
[Date "2011.09.17"]
[Round "9.6"]
[White "Fernandez Zubitur, Jokin"]
[Black "Segovia Sanchez, Antonio"]
[Result "1-0"]
[WhiteElo "1928"]
[BlackElo "2006"]
[PlyCount "109"]
[EventDate "2011.09.09"]
[EventType "swiss"]
[EventRounds "9"]
[EventCountry "ESP"]
[Source "lmi"]
[SourceDate "2011.09.09"]

1. e4 c6 2. d4 d5 3. Nc3 g6 4. Be3 Bg7 5. f3 a6 6. Qd2 Be6 7. Na4 Nd7 8. Qb4
Qc7 9. Ne2 b5 10. Nc5 Nxc5 11. Qxc5 Nf6 12. e5 Nd7 13. Qc3 O-O 14. Nf4 c5 15.
Nxe6 fxe6 16. f4 Rac8 17. g3 cxd4 18. Bxd4 Qb7 19. Qb4 Rxc2 20. Qxe7 Qc6 21.
Bd3 Rc1+ 22. Ke2 Rxh1 23. Rxh1 Rc8 24. Qb4 Bf8 25. Qc3 Qb7 26. Qd2 Nc5 27. Bb1
Rc6 28. Rc1 Nd7 29. Rxc6 Qxc6 30. Qc3 Nb8 31. Bd3 Kf7 32. h4 Qxc3 33. bxc3 h5
34. Kf3 Nc6 35. Bb6 Be7 36. Ke3 Ba3 37. Kd2 Ne7 38. Kc2 Nc8 39. Bf2 Bf8 40. Kb3
Ne7 41. Bc5 Nc6 42. Bxf8 Kxf8 43. Bxg6 d4 44. Be4 Na5+ 45. Kb4 Nc4 46. cxd4 Ne3
47. Bb7 Nf5 48. Bxa6 Nxg3 49. Bxb5 Nf5 50. a4 Ke7 51. a5 Kd8 52. Kc5 Nxh4 53.
Bc6 Kc7 54. a6 Kb8 55. Kb6 1-0

[Event "21. Open de Gros 2007"]
[Site "San Sebastián ESP"]
[Date "2011.09.17"]
[Round "9.7"]
[White "Torres, Patrice"]
[Black "Abalia Patino, Aritz"]
[Result "1-0"]
[WhiteElo "1964"]
[BlackElo "1555"]
[PlyCount "57"]
[EventDate "2011.09.09"]
[EventType "swiss"]
[EventRounds "9"]
[EventCountry "ESP"]
[Source "lmi"]
[SourceDate "2011.09.09"]

1. d4 Nf6 2. c4 g6 3. Nc3 Bg7 4. e4 d6 5. Nf3 O-O 6. Be2 Nbd7 7. O-O e5 8. d5
Nc5 9. Qc2 a5 10. Be3 b6 11. a3 Bd7 12. b4 axb4 13. axb4 Nb7 14. Nb5 c5 15.
dxc6 Bxc6 16. Bd3 Ng4 17. Rxa8 Qxa8 18. Bxb6 Qa6 19. Bc7 f5 20. Nc3 fxe4 21.
Nxe4 Qa3 22. b5 Bd7 23. Qc3 Qxc3 24. Nxc3 Rc8 25. b6 Nc5 26. Be4 Nf6 27. Bd5+
Be6 28. Bxe6+ Nxe6 29. b7 1-0

[Event "21. Open de Gros 2007"]
[Site "San Sebastián ESP"]
[Date "2011.09.17"]
[Round "9.8"]
[White "Orube Bona, Andoni"]
[Black "Elizondo Market, Juan Marcos"]
[Result "0-1"]
[WhiteElo "1772"]
[BlackElo "1865"]
[PlyCount "52"]
[EventDate "2011.09.09"]
[EventType "swiss"]
[EventRounds "9"]
[EventCountry "ESP"]
[Source "lmi"]
[SourceDate "2011.09.09"]

1. d4 d5 2. Nc3 Nf6 3. Bg5 Nbd7 4. f3 h6 5. Bh4 c6 6. e4 dxe4 7. fxe4 g5 8. Bg3
Nb6 9. Nf3 Bg4 10. Qd3 Bg7 11. Ne5 Bh5 12. h4 Nfd7 13. hxg5 hxg5 14. Rxh5 Rxh5
15. Qf3 Nf6 16. O-O-O Rh6 17. d5 cxd5 18. Bb5+ Kf8 19. exd5 a6 20. Bd3 Nbd7 21.
d6 Nxe5 22. Bxe5 exd6 23. Bc4 d5 24. Nxd5 Nxd5 25. Bxd5 Qe7 26. Bd6 Rxd6 0-1